| 000 | 00450nab a2200145Ia 4500 | ||
|---|---|---|---|
| 003 | ES-SlBCS | ||
| 005 | 20210601130451.0 | ||
| 008 | 140529s1974 xxu||||| |||| 00| 0 fre d | ||
| 041 | _afre | ||
| 100 | 1 |
_aMoreau, Joseph _919057 |
|
| 245 | 0 | 0 |
_aLa philosophie au ban des sciences humaines _c Joseph Moreau |
| 650 | 0 | 4 |
_aFilosofía-Ciencias Humanas _9173338 |
| 773 | 0 |
_tGiornali di Metafisica _gvol. 29, nº. 1, 1974, págs. 1-7 _w0017-0372 |
|
| 942 | _cAR | ||
| 999 |
_c547174 _d547174 |
||